| 000 | 00587pam a2200217 a 4500 | ||
|---|---|---|---|
| 001 | 1966054 | ||
| 005 | 20180129035629.0 | ||
| 008 | 880919s1989 mau b 001 0 eng | ||
| 010 | _a 88030099 | ||
| 020 | _a0875841805 (alk. paper) | ||
| 040 |
_aDLC _cDLC _dDLC |
||
| 041 | _aeng | ||
| 080 | _a658.409 LEV | ||
| 082 | 0 | 0 |
_a658.409 LEV _219 |
| 100 | _a54 | ||
| 101 | _aLID | ||
| 245 | 0 | 0 |
_aDesigning and managing your career / _cedited by Harry Levinson. |
| 504 | _aIncludes bibliographies and index. | ||
| 906 |
_a7 _bcbc _corignew _d1 _eocip _f19 _gy-gencatlg |
||
| 942 |
_2ddc _cBK |
||
| 999 |
_c41125 _d41125 |
||